000 00891cam a2200241 4500
001 ABS62880
008 000000n2000 000 0 eng u
035 _a(Sirsi) u108362
100 _aHoyle, F.
245 _aEasier home buying and selling: the Government's proposals
260 _c2000
490 _aHousing Finance
_v(47) August 2000, 22-28(6)
520 _aLooks at the work undertaken by government to date in reforming the home buying and selling process. Considers whether there is support for reform and the implications for mortgage lenders. References.
590 _aABS
650 _aPROPERTY TRANSACTIONS
650 _aGAZUMPING
650 _aLENDERS
650 _aSELLERS PACKS
650 _aHOUSE CONDITION REPORT
650 _aPROPERTY-RESIDENTIAL PROPERTY-ACQUISITION AND DISPOSAL OF RESIDENTIAL PROPERTY
690 _aHOUSING-HOUSING FINANCE
942 _n0
999 _c64695
_d64695